000 00749nam a2200241 a 4500
001 512
003 BR-CuiBMT
005 20231108160133.0
008 230807s2007 mgba 001 0 por d
020 _a9788577000722
040 _aBR-CuiBMT
_cBR-CuiBMT
080 _a347.218.2
_22007
090 _a347.218.2
_bM358b
100 1 _aMarrara, Thiago,
_d1980-
245 1 0 _aBens públicos :
_bdomínio urbano : infra-estruturas /
_cThiago Marrara ; prefácio, Maria Sylvia Zanella Di Pietro.
260 _aBelo Horizonte :
_bFórum,
_c2007.
300 _a360 p. :
_bil. ;
_c22 cm
504 _aInclui bibliografia e índice.
650 _aBens públicos
650 _aInfraestrutura urbana
_xCidades
650 _aDireito urbanístico
942 _2udc
_cLV
999 _c512
_d512